| 000 | 01278 a2200205 4500 | ||
|---|---|---|---|
| 003 | Nust | ||
| 005 | 20221124125237.0 | ||
| 010 | _a 2002019608 | ||
| 020 | _a0130995940 | ||
| 040 | _cNust | ||
| 082 | 0 | 0 | _a621.38132,FLO |
| 100 | 1 |
_aFloyd, Thomas L. _910192 |
|
| 245 | 1 | 0 |
_aPrinciples of electric circuits : _bconventional current version / _cThomas L. Floyd. |
| 250 | _a7th ed. | ||
| 260 |
_aUpper Saddle River, N.J. : _bPrentice Hall, _cc2003. |
||
| 300 |
_axv, 992 p. : _bill. (some col.) ; _c29 cm. |
||
| 505 | _aComponents, Quantities and Units (Page-5), Voltage, Current and Resistance (Page-22), Ohm’s Law (Page-78), Energy And Power (Page-106), Series Circuits (Page-128), Parallel Circuits (Page-184), Series Parallel Circuits (Page-238), Circuits Theorems and Conversions (Page-294), Branch, Mesh and Node Analysis (Page-346), Magnetism and Electromagnetism (Page-378), Introduction to Alternating Current (Page-414), Phasors and Complex Numbers (Page-468), Capacitor (Page-498), Inductor (Page-556), RLC Circuits and Resonance (Page-758), Basic Filters (Page-812), Circuit Theorems in AC Analysis (Page-846), Pulse Response of Reactive Circuits (Page-882), Polyphase Systems in Power Applications | ||
| 650 | 0 | _aTelecommunication Engineering | |
| 942 |
_2ddc _cBK |
||
| 999 |
_c188616 _d188616 |
||